000
00362nam a2200169Ia 4500
005
20251020182546.0
008
200515s9999 xx 000 0 und d
082
_a
747:729/A90
110
_a
Atrium
245
0
_a
Expomueble : Dormitorios
260
_a
Barcelona
260
_c
1991
300
_a
159
650
_a
DORMITORIOS
650
_a
LIB
942
_c
LIB
999
_c
2574
_d
2574